000 nam a22 7a 4500
999 _c126259
_d126259
008 170309b xxu||||| |||| 00| 0 eng d
050 _aBL2400.P39
100 _aP'Bitek Okot
_929258
245 _aDecolonizing African religions
_bA short history of African religions in western scholarship
_cOkot P'Bitek
260 _aNew York
_bDiasporic Africa Press
_c2011
300 _axxxvii, 71p. ;
_c23cm.
650 _aAfrica
_xReligion
_921261
942 _2lcc
_cMONOGRAPH